Statistics for Hercules Franchise

Click here to take the quiz!

General Stats

  • This quiz has been taken 4 times
  • The average score is 10 of 37

Answer Stats

Type Year Name Info % Correct
Film1958HerculesLux Film / Warner Bros.
100%
Video Game1997Disney's HerculesVirgin Interactive / Sony / Disney Interactive / THQ
100%
TV Show1998-1999Disney's Hercules: The Animated SeriesABC
100%
Film2014The Legend of HerculesSummit Entertainment
67%
Film1999Hercules: Zero to HeroDisney
33%
Film1962Fire Monsters Against the Son of HerculesEuro International / Caserbib
0%
Film1985The Adventures of HerculesUnited Artists / MGM
0%
TV Show1998-1999Young HerculesFox Kids Network
0%
Film1961Mole Men Against the Son of HerculesLeone Film
0%
Video Game1998Hades ChallengeMobyGames
0%
Video Game1997Disney's Hercules Print StudioDisney Interactive
0%
Video Game1997Disney's Animated Storybook: HerculesDisney Interactive
0%
Film1961Triumph of the Son of HerculesLeone Film
0%
Musical1997-2008Hercules: The Muse-icalDisney Wonder
0%
Video Game1997Herc's AdventuresLucasArts
0%
Film1993Hercules ReturnsPhilm Productions
0%
TV Show1989-1990Spiff and HerculesChannel 4
0%
TV Show1970The Sons of HerculesSyndicated
0%
Film1962Venus Against the Son of HerculesGalatea Film / Incei Film / SpA Cinematografica
0%
Film1969Hercules in New YorkRAF Industries
0%
Film1959Hercules UnchainedLux Film / Warner Bros.
0%
Film1964Hercules the InvincibleMetheus Film / Alvaro Mancori Produzioni Cinematografica
0%
Film1964The Terror of Rome Against the Son of HerculesPromoteo Film S.R.L. / Sancro Film / Les Films Jacques Leitienne
0%
Film1964Messalina vs. the Son of HerculesPromoteo Film S.R.L. / Sancro Film Unicite / Les Films Jacques Leitienne
0%
TV Show1963-1966The Mighty HerculesSyndicated
0%
Film1963The Beast of Babylon Against the Son of HerculesCIRAC / FIA
0%
Film1963Goliath and the Rebel SlaveCompagnia Internazionale / Realizzazioni Artistiche / Cinematograiche / Films Internazionali Artistici / Les Productiones de Beauregard
0%
Film1963Ursus in the Land of FireCine-Italia Film / Splendor Film
0%
Film1963Perseus Against the MonstersCineproduzione Emo Bistolfi / Copercines / Cooperativa Cinematogr√°fica
0%
Film1962Ulysses Against the Son of HerculesCompagnia / Cinematografica Mondiale / Fides
0%
Film1964Devil of the Desert Against the Son of HerculesAPC / CCM / PBP
0%

Score Distribution

Percentile by Number Answered

Percent of People with Each Score

Your Score History

You have not taken this quiz